• 首页
  • 本馆介绍
  • 公告通知
  • 最新文献
  • 馆藏检索
  • 电子资源
  • 读者导购
  • 参考咨询
  • 我的图书馆
  • 登录
  • 详细信息显示
  • 放入我的书架
  • 预约/预借图书
  • 作者相关作品
  • 分类相关作品
  • 丛书相关作品
  • 出版社相关作品

书目信息

  • 表格格式
  • 工作单格式
  • 卡片格式
题名:
欧美文学论丛
    
 
作者: 秦海鹰 主编
分册: 第六辑   法国文学与宗教
出版信息: 北京   人民文学出版社  2011.3
页数: 11,348页
开本: 21cm
丛书名:
单 册:
中图分类: I106-53 , I565.06-53
科图分类:
主题词: 文学研究--欧洲--文集 , 文学研究--美洲--文集 , 文学研究--法国--文集
电子资源:
ISBN: 978-7-02-008204-9
000 01062nam0 2200289 45
001 515
005 20120601082944.42
010    @a978-7-02-008204-9@dCNY29.00
100    @a20120328d2011 em y0chiy50 ea
101 0  @achi
102    @aCN@b110000
105    @ay z 000yy
106    @ar
200 1  @a欧美文学论丛@AOu Mei Wen Xue Lun Cong@h第六辑@HDi Liu Ji@i法国文学与宗教@IFa Guo Wen Xue Yu Zong Jiao@f秦海鹰主编@FQin Hai Ying Zhu Bian
210    @a北京@c人民文学出版社@d2011.3
215    @a11,348页@d21cm
300    @a“北京大学创建世界一流大学计划”资助出版
300    @a北京大学外国语学院 北京大学欧美文学研究中心主办
330    @a本书集中围绕“法国文学与宗教”这一主题展开,收录文章有:《维里耶作品中的神秘世界》、《佩吉的圣女贞德情结》、《米肖诗歌中的神秘主义探索》等。
606 0  @a文学研究@y欧洲@j文集
606 0  @a文学研究@y美洲@j文集
606 0  @a文学研究@y法国@j文集
690    @aI106-53@v4
690    @aI565.06-53@v4
701  0 @a秦海鹰@AQin Hai Ying@4主编
801  0 @aCN@bTSTCL@c20120328
905    @b0812925-29@dI106-53@e215@f5
    
    欧美文学论丛.第六辑.法国文学与宗教/秦海鹰主编.-北京:人民文学出版社,2011.3
    11,348页;21cm
    “北京大学创建世界一流大学计划”资助出版.-北京大学外国语学院 北京大学欧美文学研究中心主办
    
    ISBN 978-7-02-008204-9:CNY29.00
    本书集中围绕“法国文学与宗教”这一主题展开,收录文章有:《维里耶作品中的神秘世界》、《佩吉的圣女贞德情结》、《米肖诗歌中的神秘主义探索》等。
●
相关链接 在E读中查询图书 在五车中查询图书 在当当中查询图书 在豆瓣中查询图书


正题名:欧美文学论丛     索取号:I106-53/215         预约/预借

序号 登录号 条形码 馆藏地/架位号 状态 备注
1 0812925   208129256   第一样本阅览室/ [索取号:I106-53/215] 在馆    
2 0812926   208129265   第二借阅区/ [索取号:I106-53/215] 在馆    
3 0812927   208129274   第二借阅区/ [索取号:I106-53/215] 在馆    
4 0812928   208129283   第二借阅区/ [索取号:I106-53/215] 在馆    
5 0812929   208129292   第二借阅区/ [索取号:I106-53/215] 在馆    
唐山师范学院图书馆 欢迎您!
大连网信软件有限公司© 版权所有